000 00650cam a2200217 i 4500
001 1019979
003 ARRUPE
005 20150414120612.0
008 790518s1956 sp b 001 0bspa d
035 _a(OCoLC)ocm04977721
035 _a(NNC)1019979
040 _aFGM
_cFGM
_dm.c.
_dOCL
_dRQO
090 _aPQ6337.J813 1955
100 1 _aJuan Arbo, Sebastian
_d1902-1984.
_916129
245 1 0 _aCervantes /
_cSebastian Juan Arbó.
_bthe man and his time
260 _aNew York :
_bThe Vanguard Press,
_c1955.
300 _a261p. ;
_c22 cm.
600 1 0 _aCervantes Saavedra, Miguel de,
_d1547-1616.
_916130
942 _2lcc
_cMONOGRAPH
999 _c122379
_d122379